000 01610namaa22003731i 4500
003 EG-GICUC
005 20260128105353.0
008 260128s2000 ua ||||jr|||| 000 0 ara d
017 _a2000 / 16181
_bدار الكتب والوثائق القومية
040 _aEG-GiCUC
_bara
_cEG-GiCUC
_dEG-GiCUC
_erda
043 _af-ua---
082 0 4 _221
_a306.089927
_bH253
092 0 4 _221
_a306.089927
_bH253
099 _a306.089927 H253
100 1 _eمؤلف.
245 1 2 _aالحق القديم :
_bوثائق حقوق الانسان فى الثقافة الاسلامية /
_cتحليل وتقديم غانم جواد ؛ تعقيب الباقر صلاح الدين الجورشى، نصر حامد أبو زيد
264 _aالقاهرة (مصر) :
_bمركز القاهرة لدراسات حقوق الانسان،
_c2000.
300 _a176 : صفحة
_bإيضاحيات،
_c24 سم
336 _2rdacontent
_atext
337 _2rdamedia
_aUnmediated
338 _2rdacarrier
_avolume
490 _aسلسلة مناظرات حقوق الانسان ؛
_vالعدد 8.
504 _aيشتمل على ارجاعات ببليوجرافية .
541 _aد. جابر عصفور ؛
_bالقاهرة ؛
_cإهداء ؛
_d2024.
650 1 7 _aالثقافة العربية
_2qrmak
650 1 7 _aحقوق الانسان
_2qrmak
650 1 7 _aالحضارة الاسلامية
_2qrmak
651 1 _2qrmak
700 1 _aجواد، غانم
_eمقدم.
700 1 _aالجورشى، صلاح الدين
700 1 _aأبو زيد، نصر حامد
905 _aNermeen
942 _2ddc
_cBK
_e21
_n0
999 _c178077
_d178077